000 00754nam a2200241Ia 4500
003 OSt
005 20220923221900.0
006 a|||||r|||| 00| 0
007 ta
008 220922b |||||||| |||| 00| 0 doi d
024 _a200,805
037 _cTextual
040 _aARTS
_cARTS
_bdoi
041 _2doi
_adoi
082 _aO1541,3N47x, 152N1
100 _aगोस्वामी, ओम
245 0 _aसोने की चिड़िया
246 _aSone kī chiड़iyā
260 _aनर्इ्र दिल्ली
_b साहित्य अकादमी
_c1991
300 _a184पृ0
_ccm.
942 _hO1541,3N47x, 152N1
_cTEXL
_2CC
999 _c352476
_d352476